| 000 -LEADER |
| fixed length control field |
00959nam a2200229Ia 4500 |
| 001 - CONTROL NUMBER |
| control field |
18104 |
| 003 - CONTROL NUMBER IDENTIFIER |
| control field |
GE_BSU |
| 008 - FIXED-LENGTH DATA ELEMENTS--GENERAL INFORMATION |
| fixed length control field |
181216s||||||||xx |||||||||||||| ||und|| |
| 020 ## - INTERNATIONAL STANDARD BOOK NUMBER |
| International Standard Book Number |
978-9941-412-27-1 |
| 040 ## - CATALOGING SOURCE |
| Transcribing agency |
GE_BSU |
| 080 ## - UNIVERSAL DECIMAL CLASSIFICATION NUMBER |
| Universal Decimal Classification number |
81'374.822=112.2'38=353.1'38 |
| 100 ## - MAIN ENTRY--PERSONAL NAME |
| Personal name |
სტამბოლიშვილი, ნ. |
| 245 ## - TITLE STATEMENT |
| Title |
გერმანულ-ქართული ფრაზეოლოგიური ლექსიკონი = Deutsch-georgisches phraseologisches Worterbuch |
| 245 ## - TITLE STATEMENT |
| Statement of responsibility, etc. |
რედ. ა. აბუსერიძე. მ. ფაღავა |
| 260 ## - PUBLICATION, DISTRIBUTION, ETC. |
| Place of publication, distribution, etc. |
ბათუმი |
| 260 ## - PUBLICATION, DISTRIBUTION, ETC. |
| Name of publisher, distributor, etc. |
შოთა რუსთაველის სახელმწ. უნ-ტის გამ-ბა |
| 260 ## - PUBLICATION, DISTRIBUTION, ETC. |
| Date of publication, distribution, etc. |
2010 |
| 300 ## - PHYSICAL DESCRIPTION |
| Extent |
415გვ. ; 21სმ |
| 653 ## - INDEX TERM--UNCONTROLLED |
| Uncontrolled term |
გერმანულ-ქართული ფრაზეოლოგიური ლექსიკონი |
| 942 ## - ADDED ENTRY ELEMENTS (KOHA) |
| Koha item type |
წიგნი |